000 01006nam a2200241 i 4500
001 83107
003 ES-MaACL
005 20250726072719.0
007 t|
008 180531s1919 sp ||||1| spa d
100 1 _aPan, Ismael del.
_988740
245 1 0 _aPaleogeografía de los mamíferos cuaternarios de Europa y Norte de África /
_cpor Ismael del Pan.
260 _aMadrid :
_bMuseo Nacional de Ciencias Naturales,
_c1919.
300 _a99 p., IX lám. :
_bil. ;
_c27 cm.
490 1 _aComisión de Investigaciones Paleontológicas y Prehistóricas. Memoria ;
_v21
504 _aBibliografía: p. [98]-99.
594 _aPrecede al tít.: Junta para la Ampliación de Estudios e Investigaciones Científicas.
650 4 _aPaleogeografía-
_zEuropa.
_9164878
650 4 _aPaleogeografía-
_zÁfrica septentrional.
_9164879
830 0 0 _aComisión de Investigaciones Paleontológicas y Prehistóricas. Memoria
_v21
_9183771
852 _aES-MaACL
_jB-13005(1)
999 _c83107
_d83107